[Event "European Senior Teams Chess Championshi"]
[Site "Rogaska Slatina"]
[Date "2012.04.02"]
[Round "7.18"]
[White "Wood, Peter R"]
[Black "Titz, Herbert"]
[Result "1/2-1/2"]
[WhiteElo "1890"]
[BlackElo "2024"]
[PlyCount "61"]
[EventDate "2012.03.27"]
[WhiteTeam "ENG 3"]
[BlackTeam "AUT - WIEN 2"]

1. e4 e5 2. Bc4 Nf6 3. d3 Be7 4. Nf3 d6 5. O-O O-O 6. a4 a5 7. Re1 Nbd7 8. Nbd2
Nc5 9. c3 Be6 10. b4 axb4 11. cxb4 Bxc4 12. Nxc4 Ne6 13. Qb3 Qd7 14. Ne3 g6 15.
Nd5 Nxd5 16. exd5 Ng7 17. d4 f6 18. dxe5 fxe5 19. Nxe5 Qf5 20. Nf3 Bf6 21. Ra2
g5 22. Be3 Rfe8 23. Rae2 h6 24. h3 b6 25. Bd4 Rxe2 26. Rxe2 Re8 27. Rxe8+ Nxe8
28. Qb2 Kf7 29. Qc3 Bxd4 30. Qxd4 Nf6 31. Qc4 1/2-1/2

[Event "European Senior Teams Chess Championshi"]
[Site "Rogaska Slatina"]
[Date "2012.04.02"]
[Round "7.19"]
[White "Mundal, Arnold"]
[Black "Mckerracher, Douglas"]
[Result "1/2-1/2"]
[WhiteElo "2013"]
[BlackElo "2015"]
[PlyCount "88"]
[EventDate "2012.03.27"]
[WhiteTeam "NOR 5"]
[BlackTeam "SCO 2"]

1. Nf3 f5 2. d4 Nf6 3. c4 e6 4. Nc3 d5 5. e3 c6 6. Bd3 Bd6 7. Qc2 Ne4 8. O-O
O-O 9. c5 Bc7 10. b4 Bd7 11. Rb1 Be8 12. Ne2 Nd7 13. Bb2 Qf6 14. Ng3 g5 15. Kh1
g4 16. Ne5 Nxg3+ 17. hxg3 Nxe5 18. dxe5 Bxe5 19. f4 Bxb2 20. Rxb2 h5 21. Kg1 h4
22. Kf2 hxg3+ 23. Kxg3 Kg7 24. Rbb1 Bd7 25. Qb2 Rh8 26. a4 a6 27. Qd4 Kf7 28.
Rh1 Rae8 29. Qe5 Qxe5 30. fxe5 Ke7 31. Kf4 Kd8 32. Ra1 Kc7 33. Rac1 Ra8 34. g3
Rab8 35. Rcg1 Kd8 36. Bf1 Ke7 37. Bg2 Kf7 38. Bf1 Kg7 39. Bg2 Rxh1 40. Rxh1 Rh8
41. Kg5 Rxh1 42. Bxh1 Kf7 43. Bg2 Ke7 44. Kg6 Be8+ 1/2-1/2

[Event "European Senior Teams Chess Championshi"]
[Site "Rogaska Slatina"]
[Date "2012.04.02"]
[Round "7.19"]
[White "Marks, Ian A"]
[Black "Fossum, Widar"]
[Result "1/2-1/2"]
[WhiteElo "1891"]
[BlackElo "2040"]
[PlyCount "113"]
[EventDate "2012.03.27"]
[WhiteTeam "SCO 2"]
[BlackTeam "NOR 5"]

1. d4 d5 2. c4 e6 3. Nc3 Nf6 4. cxd5 exd5 5. Bg5 Be7 6. e3 Nbd7 7. Bd3 c6 8.
Nge2 Nb6 9. Qc2 h6 10. Bh4 Nh5 11. Bxe7 Qxe7 12. O-O O-O 13. a3 Re8 14. b4 Qg5
15. b5 Bd7 16. a4 Nc8 17. e4 dxe4 18. Nxe4 Qe7 19. Nc5 Nd6 20. Nxd7 Qxd7 21.
bxc6 bxc6 22. Rfc1 Rac8 23. Ba6 Rc7 24. d5 c5 25. Nd4 Qg4 26. Nc6 Nf4 27. Bf1
Re2 28. Qb3 c4 29. Qg3 Qg5 30. Qxg5 hxg5 31. g3 Rd2 32. gxf4 Rxd5 33. Bg2 Rf5
34. Rd1 Nb7 35. Nd8 Nc5 36. fxg5 Rxg5 37. Kf1 c3 38. Rdb1 c2 39. Rb8 Kh7 40.
Bc6 Rxc6 41. Nxc6 Nd3 42. Rb3 c1=Q+ 43. Rxc1 Nxc1 44. Rc3 Na2 45. Rc2 Rg6 46.
Nxa7 Nb4 47. Rc4 Nd3 48. a5 Ne5 49. Rc7 Ra6 50. f4 Nd3 51. Nc6 Nxf4 52. Rxf7
Rxc6 53. Rxf4 Rc1+ 54. Kf2 Ra1 55. Rf5 Ra3 56. Rb5 g6 57. Rc5 1/2-1/2

[Event "European Senior Teams Chess Championshi"]
[Site "Rogaska Slatina"]
[Date "2012.04.02"]
[Round "7.19"]
[White "Bergersen, Per A"]
[Black "Murphy, George A A"]
[Result "1-0"]
[WhiteElo "1991"]
[BlackElo "1811"]
[PlyCount "103"]
[EventDate "2012.03.27"]
[WhiteTeam "NOR 5"]
[BlackTeam "SCO 2"]

1. Nf3 Nf6 2. g3 g6 3. b4 Bg7 4. Bb2 O-O 5. c4 d6 6. Bg2 a5 7. a3 axb4 8. axb4
Rxa1 9. Bxa1 b6 10. Nc3 Bb7 11. O-O Na6 12. Qb3 Qc8 13. Bb2 Nb8 14. Ra1 Nc6 15.
e3 e5 16. d3 h6 17. Nd2 Nd8 18. Bxb7 Qxb7 19. Nb5 Ne6 20. Qa4 Ng5 21. e4 Qc8
22. Qd1 Nh3+ 23. Kg2 Ng4 24. Qf3 Ngxf2 25. Rf1 f5 26. Qe2 f4 27. Rxf2 Nxf2 28.
Qxf2 fxg3 29. Qxg3 Kh7 30. Nf3 Rf7 31. h3 Qa6 32. Nc3 Qc8 33. Qg4 Qxg4+ 34.
hxg4 Bf8 35. b5 Be7 36. Nd5 Bd8 37. Kg3 Rf8 38. d4 exd4 39. Nxd4 Rf1 40. Ne6
Bg5 41. Nexc7 Rb1 42. Bc3 Rb3 43. Kg2 Bc1 44. Ne8 Ba3 45. Bg7 g5 46. Bf8 Rb2+
47. Kf3 Rb3+ 48. Ke2 Rb2+ 49. Kd3 Rg2 50. Bxd6 Bxd6 51. Nxd6 Rxg4 52. Nf6+ 1-0

[Event "European Senior Teams Chess Championshi"]
[Site "Rogaska Slatina"]
[Date "2012.04.02"]
[Round "7.19"]
[White "Flockhart, Hugh"]
[Black "Lerstad, Bjorn"]
[Result "1/2-1/2"]
[WhiteElo "1845"]
[BlackElo "1902"]
[PlyCount "48"]
[EventDate "2012.03.27"]
[WhiteTeam "SCO 2"]
[BlackTeam "NOR 5"]

1. e4 e5 2. Bc4 Nf6 3. d3 Be7 4. c3 O-O 5. Nf3 Nc6 6. O-O d5 7. exd5 Nxd5 8.
Re1 Bg4 9. h3 Bh5 10. Nbd2 Kh8 11. Nf1 Nb6 12. Bb3 f6 13. Ng3 Bg6 14. Bc2 Qd7
15. Nh4 Bf7 16. Nhf5 Rfe8 17. Nxe7 Rxe7 18. Be3 Rd8 19. Qe2 Nd5 20. Qf1 Nxe3
21. fxe3 Bg6 22. e4 Ree8 23. Re3 Ne7 24. Qf2 c5 1/2-1/2

[Event "European Senior Teams Chess Championshi"]
[Site "Rogaska Slatina"]
[Date "2012.04.02"]
[Round "7.20"]
[White "Gustavsson, Sture"]
[Black "Fleuch, Hans-Juergen"]
[Result "1/2-1/2"]
[WhiteElo "2018"]
[BlackElo "2078"]
[PlyCount "22"]
[EventDate "2012.03.27"]
[WhiteTeam "SWE 4"]
[BlackTeam "GER - STIFTUNG BSW/DBAG"]

1. d4 d5 2. Nf3 Nc6 3. Bf4 Bg4 4. e3 e6 5. Nbd2 Bd6 6. Bg3 Nge7 7. Be2 O-O 8.
c4 dxc4 9. Nxc4 Bxg3 10. hxg3 Ng6 11. Nh4 Bxe2 1/2-1/2

[Event "European Senior Teams Chess Championshi"]
[Site "Rogaska Slatina"]
[Date "2012.04.02"]
[Round "7.20"]
[White "Mai, Hartmut"]
[Black "Ohrn, Stellan"]
[Result "1/2-1/2"]
[WhiteElo "1937"]
[BlackElo "1997"]
[PlyCount "46"]
[EventDate "2012.03.27"]
[WhiteTeam "GER - STIFTUNG BSW/DBAG"]
[BlackTeam "SWE 4"]

1. d4 Nf6 2. Nf3 e6 3. Bf4 c5 4. e3 Nc6 5. c3 d5 6. Bd3 Be7 7. h3 O-O 8. Nbd2
Bd7 9. O-O h6 10. Qe2 Qb6 11. Rab1 Rac8 12. Ne5 Rfd8 13. Ndf3 Be8 14. Nxc6 bxc6
15. Ne5 cxd4 16. exd4 c5 17. Be3 Rb8 18. g4 Bb5 19. Bxb5 Qxb5 20. Qxb5 Rxb5 21.
Nc6 Rd7 22. Nxe7+ Rxe7 23. dxc5 Ne4 1/2-1/2

[Event "European Senior Teams Chess Championshi"]
[Site "Rogaska Slatina"]
[Date "2012.04.02"]
[Round "7.21"]
[White "Alkkiomaki, Jyrki"]
[Black "Hellwege, Werner"]
[Result "0-1"]
[WhiteElo "2033"]
[BlackElo "2029"]
[PlyCount "108"]
[EventDate "2012.03.27"]
[WhiteTeam "FIN - TURKU"]
[BlackTeam "GER - FREIBAUER"]

1. e4 c5 2. Nf3 a6 3. d4 cxd4 4. Nxd4 Nf6 5. Nc3 e5 6. Nb3 Bb4 7. Bd2 d6 8. Bd3
O-O 9. a3 Bxc3 10. Bxc3 Qc7 11. Qe2 Nbd7 12. O-O Nc5 13. Rad1 Rd8 14. Nd2 Na4
15. Nb1 Bg4 16. f3 Be6 17. Rfe1 Nxb2 18. Bxb2 Qb6+ 19. Kh1 Qxb2 20. Rd2 Qb6 21.
Bc4 Bxc4 22. Qxc4 Rac8 23. Qa2 Qc5 24. Red1 Rc6 25. h3 h6 26. a4 b5 27. axb5
axb5 28. Qa5 Rd7 29. Kh2 Kh7 30. c3 d5 31. exd5 Rxd5 32. Rxd5 Nxd5 33. Qd8 Rd6
34. Qf8 Qc7 35. Qa8 Rd8 36. Qa2 Qc5 37. Qc2+ g6 38. Qa2 Kg7 39. Qb3 Rd6 40. Na3
Ne3 41. Re1 Nxg2 42. Qxb5 Qxb5 43. Nxb5 Nxe1 44. Nxd6 Nxf3+ 45. Kg3 Ng5 46. c4
Ne6 47. Kf3 f5 48. Ke3 Kf8 49. Nb5 Ke7 50. Nc3 Kd6 51. Nd5 e4 52. Nf6 Kc5 53.
Ng8 h5 54. Ne7 Nf8 0-1

[Event "European Senior Teams Chess Championshi"]
[Site "Rogaska Slatina"]
[Date "2012.04.02"]
[Round "7.21"]
[White "Juergens, Peter"]
[Black "Rantanen, Veikko"]
[Result "1/2-1/2"]
[WhiteElo "1993"]
[BlackElo "1934"]
[PlyCount "61"]
[EventDate "2012.03.27"]
[WhiteTeam "GER - FREIBAUER"]
[BlackTeam "FIN - TURKU"]

1. d4 Nf6 2. Nf3 e6 3. Bf4 b6 4. e3 Bb7 5. Bd3 c5 6. O-O Be7 7. h3 O-O 8. Nbd2
d5 9. c3 Nc6 10. Ne5 Nd7 11. Ndf3 f5 12. Nxd7 Qxd7 13. Bb5 Qc8 14. Bxc6 Bxc6
15. Kh1 Qe8 16. Ne5 Bf6 17. Rg1 Bb7 18. g4 Rd8 19. g5 Bxe5 20. Bxe5 Ba6 21. f4
Qb5 22. Qd2 Qe2 23. Qxe2 Bxe2 24. Kh2 Bf3 25. Kg3 Be4 26. Raf1 Rd7 27. Rf2 Rc8
28. h4 Re8 29. Rd2 Rc8 30. Rh2 a6 31. a3 1/2-1/2

[Event "European Senior Teams Chess Championshi"]
[Site "Rogaska Slatina"]
[Date "2012.04.02"]
[Round "7.21"]
[White "Ranki, Martti"]
[Black "Fritsch, Juergen Dr"]
[Result "1/2-1/2"]
[WhiteElo "1915"]
[BlackElo "1979"]
[PlyCount "43"]
[EventDate "2012.03.27"]
[WhiteTeam "FIN - TURKU"]
[BlackTeam "GER - FREIBAUER"]

1. e4 d5 2. exd5 Qxd5 3. d4 g6 4. Nf3 Nh6 5. Be2 Nf5 6. O-O Bg7 7. c4 Qd8 8. d5
O-O 9. Nc3 c5 10. Re1 Nd7 11. Bd3 Nb6 12. h3 Nd6 13. Qb3 Bf5 14. Bf1 h5 15. Nh4
Qd7 16. a4 Rae8 17. Be3 Qc8 18. Nb5 Nxb5 19. axb5 Qc7 20. Rxa7 Nc8 21. Raa1 b6
22. Ra8 1/2-1/2

[Event "European Senior Teams Chess Championshi"]
[Site "Rogaska Slatina"]
[Date "2012.04.02"]
[Round "7.22"]
[White "Strand, Oyvin"]
[Black "Johnsen, Oystein"]
[Result "0-1"]
[WhiteElo "1988"]
[BlackElo "1899"]
[PlyCount "66"]
[EventDate "2012.03.27"]
[WhiteTeam "NOR 3"]
[BlackTeam "NOR 4"]

1. d4 Nf6 2. Nf3 d5 3. e3 e6 4. Bd3 c5 5. b3 Nc6 6. Bb2 cxd4 7. exd4 Bd6 8. O-O
O-O 9. Ne5 Ne7 10. Nd2 b6 11. f4 Nf5 12. Qe2 g6 13. Rac1 Bb7 14. g4 Ng7 15. Rf2
Rc8 16. c4 Qe7 17. f5 exf5 18. gxf5 Nfh5 19. Qg4 f6 20. Nef3 g5 21. Re1 Qf7 22.
h4 h6 23. hxg5 hxg5 24. Re6 Bf4 25. Rfe2 Rfe8 26. Rxe8+ Rxe8 27. Rxe8+ Qxe8 28.
Nf1 Be3+ 29. Kh1 Nf4 30. Bb1 Bf2 31. Kh2 Qe2 32. N1d2 Bg3+ 33. Kh1 Qg2# 0-1

[Event "European Senior Teams Chess Championshi"]
[Site "Rogaska Slatina"]
[Date "2012.04.02"]
[Round "7.22"]
[White "Ovesen, Karsten"]
[Black "Theting, Helge E"]
[Result "0-1"]
[WhiteElo "1893"]
[BlackElo "1980"]
[PlyCount "80"]
[EventDate "2012.03.27"]
[WhiteTeam "NOR 4"]
[BlackTeam "NOR 3"]

1. d4 g6 2. Nf3 Bg7 3. c4 d6 4. Nc3 Nc6 5. e4 e5 6. d5 Nce7 7. Be2 h6 8. O-O f5
9. exf5 Nxf5 10. Ne4 Nf6 11. Bd3 O-O 12. Qc2 Nxe4 13. Bxe4 Qf6 14. b3 g5 15. h3
Ne7 16. Nh2 Bf5 17. Bb2 Bxe4 18. Qxe4 Ng6 19. Ng4 Qf7 20. f3 Nf4 21. Nf2 Qd7
22. Rac1 b6 23. Rc2 Nh5 24. Qg4 Qf7 25. Ne4 Qg6 26. Qd7 Rf7 27. Qc6 Raf8 28.
Rcf2 Nf4 29. Rd2 h5 30. Nf2 h4 31. b4 Nh5 32. Re1 Nf4 33. c5 Nxg2 34. Kxg2 Rxf3
35. Bxe5 Qf5 36. Ng4 dxe5 37. Rxe5 Rg3+ 38. Kh2 Qf1 39. Qe6+ Kh8 40. Re1 Rxh3#
0-1

[Event "European Senior Teams Chess Championshi"]
[Site "Rogaska Slatina"]
[Date "2012.04.02"]
[Round "7.22"]
[White "Henrichsen, Erland"]
[Black "Bue, Gunnar"]
[Result "1-0"]
[WhiteElo "1978"]
[BlackElo "1719"]
[PlyCount "31"]
[EventDate "2012.03.27"]
[WhiteTeam "NOR 3"]
[BlackTeam "NOR 4"]

1. d4 Nf6 2. Nf3 g6 3. Nc3 Bg7 4. e4 d6 5. Be3 O-O 6. Qd2 c6 7. Bd3 b5 8. h4 h5
9. Bh6 b4 10. Ne2 a5 11. Bxg7 Kxg7 12. Ng5 Ba6 13. f3 Bxd3 14. Qxd3 Nbd7 15.
Nf4 e5 16. Nfe6+ 1-0

[Event "European Senior Teams Chess Championshi"]
[Site "Rogaska Slatina"]
[Date "2012.04.02"]
[Round "7.22"]
[White "Johansen, Bjorn"]
[Black "Kverndal, Leif"]
[Result "0-1"]
[WhiteElo "1716"]
[BlackElo "1914"]
[PlyCount "84"]
[EventDate "2012.03.27"]
[WhiteTeam "NOR 4"]
[BlackTeam "NOR 3"]

1. d4 d5 2. Nc3 g6 3. Nf3 Bg7 4. Bf4 Bf5 5. e3 Nf6 6. Be2 O-O 7. O-O Ne4 8.
Nxe4 Bxe4 9. Nd2 c5 10. c3 cxd4 11. exd4 Bf5 12. Re1 f6 13. Nb3 e5 14. Be3 Nc6
15. Rc1 Kh8 16. f3 Be6 17. Nc5 Bc8 18. a3 b6 19. Na6 f5 20. Bb5 Bb7 21. Qd2 f4
22. Bf2 Na5 23. Qc2 e4 24. fxe4 dxe4 25. b4 e3 26. bxa5 exf2+ 27. Qxf2 Qg5 28.
Nb4 Qxb5 29. Re7 bxa5 30. c4 Qb6 31. c5 Qd8 32. Rxg7 Kxg7 33. c6 axb4 34. cxb7
Rb8 35. Qb2 Rxb7 36. d5+ Qf6 37. Qb3 f3 38. Rf1 Qd4+ 39. Kh1 fxg2+ 40. Kxg2
Rxf1 41. Kxf1 Rf7+ 42. Kg2 Qg4+ 0-1

[Event "European Senior Teams Chess Championshi"]
[Site "Rogaska Slatina"]
[Date "2012.04.02"]
[Round "7.23"]
[White "Grahn, Lars"]
[Black "Patola, Eero"]
[Result "1-0"]
[WhiteElo "2058"]
[BlackElo "1930"]
[PlyCount "93"]
[EventDate "2012.03.27"]
[WhiteTeam "SWE 3"]
[BlackTeam "FIN - HELSINKI"]

1. d4 f5 2. Nc3 g6 3. Bf4 Nf6 4. e3 Bg7 5. Nf3 d6 6. Bc4 e6 7. Qe2 c6 8. Bb3 h6
9. h3 Nd5 10. Bh2 Nxc3 11. bxc3 O-O 12. O-O Kh7 13. Rad1 Qe7 14. c4 e5 15. dxe5
dxe5 16. Qd2 Na6 17. Qd6 Qxd6 18. Rxd6 Re8 19. Rfd1 Nc5 20. Kf1 e4 21. Ng1 a5
22. a4 Be6 23. Ne2 Bf8 24. R6d2 b5 25. cxb5 Nxb3 26. cxb3 cxb5 27. axb5 Bb4 28.
Rb2 Red8 29. Rxd8 Rxd8 30. Nd4 Bd5 31. Bc7 Rd7 32. b6 Bb7 33. g3 Kg8 34. Rc2
Kf7 35. Nc6 Ba6+ 36. Kg2 Ke6 37. Nd8+ Ke7 38. b7 Bxb7 39. Nxb7 Rd5 40. Bb6 Rb5
41. Bc5+ Bxc5 42. Nxc5 Kd6 43. Na4 Rxb3 44. Rc5 Ra3 45. Rxa5 Ke7 46. Ra6 Kf7
47. Nc5 1-0

[Event "European Senior Teams Chess Championshi"]
[Site "Rogaska Slatina"]
[Date "2012.04.02"]
[Round "7.23"]
[White "Andersson, Sven-Olof"]
[Black "Stahle, Sten"]
[Result "0-1"]
[WhiteElo "2037"]
[BlackElo "1735"]
[PlyCount "66"]
[EventDate "2012.03.27"]
[WhiteTeam "SWE 3"]
[BlackTeam "FIN - HELSINKI"]

1. d4 Nf6 2. Nf3 g6 3. g3 Bg7 4. Bg2 d5 5. O-O O-O 6. Nbd2 c6 7. b3 Nbd7 8. Bb2
Re8 9. c4 Nf8 10. Ne5 a5 11. e3 N8d7 12. cxd5 Nxd5 13. Ndc4 Nxe5 14. Nxe5 Nf6
15. Qc2 Be6 16. e4 Rc8 17. Rfe1 Ng4 18. Nf3 Qc7 19. Ng5 Bd7 20. Qc4 Rf8 21.
Rac1 Bh6 22. h4 b5 23. Qc5 f6 24. Qxe7 fxg5 25. hxg5 Rf7 26. Qc5 Bg7 27. e5
Rxf2 28. Bd5+ Kh8 29. Rf1 Rxf1+ 30. Rxf1 cxd5 31. Rc1 Qxc5 32. dxc5 Bf5 33. Bd4
Bxe5 0-1

[Event "European Senior Teams Chess Championshi"]
[Site "Rogaska Slatina"]
[Date "2012.04.02"]
[Round "7.23"]
[White "Pitkanen, Juhani"]
[Black "Johansson, Per"]
[Result "1/2-1/2"]
[WhiteElo "1715"]
[BlackElo "2031"]
[PlyCount "84"]
[EventDate "2012.03.27"]
[WhiteTeam "FIN - HELSINKI"]
[BlackTeam "SWE 3"]

1. d4 d5 2. c4 c6 3. Nc3 Nf6 4. e3 g6 5. Nf3 Bg7 6. cxd5 Nxd5 7. Be2 O-O 8. O-O
Bg4 9. h3 Bf5 10. Qb3 Nxc3 11. bxc3 Qb6 12. Ba3 Re8 13. Bc4 Qxb3 14. Bxb3 Nd7
15. Rac1 Rac8 16. Ng5 e6 17. e4 Bf6 18. Nxf7 Kxf7 19. exf5 gxf5 20. Rfe1 c5 21.
d5 e5 22. Ba4 Red8 23. c4 e4 24. Rc2 Ne5 25. Bc1 Nd3 26. Rd1 Rg8 27. Bd7 Rcd8
28. Bxf5 Nxc1 29. Rcxc1 Bg5 30. Rc3 Rge8 31. Bg4 Re5 32. a4 Rd6 33. Rb1 b6 34.
Be6+ Kf6 35. a5 e3 36. fxe3 Rxe3 37. Rxe3 Bxe3+ 38. Kf1 Ke5 39. axb6 axb6 40.
Bc8 Kd4 41. Ke2 Bh6 42. Ba6 Bf4 1/2-1/2

[Event "European Senior Teams Chess Championshi"]
[Site "Rogaska Slatina"]
[Date "2012.04.03"]
[Round "8.1"]
[White "Vasiukov, Evgeni"]
[Black "Uhlmann, Wolfgang"]
[Result "1/2-1/2"]
[WhiteElo "2455"]
[BlackElo "2358"]
[PlyCount "101"]
[EventDate "2012.03.27"]
[WhiteTeam "RUS 1"]
[BlackTeam "GER 1"]

1. d4 Nf6 2. c4 g6 3. Nc3 c5 4. d5 Bg7 5. e4 d6 6. f3 O-O 7. Bg5 e6 8. Qd2 exd5
9. Nxd5 Be6 10. h4 Bxd5 11. cxd5 Re8 12. h5 Nbd7 13. hxg6 hxg6 14. Bb5 a6 15.
Bxd7 Qxd7 16. Ne2 b5 17. O-O-O Nxe4 18. fxe4 Rxe4 19. Nc3 Rd4 20. Qf2 Qg4 21.
Qh4 Qxh4 22. Rxh4 f6 23. Rhxd4 cxd4 24. Ne2 Rc8+ 25. Kb1 fxg5 26. Nxd4 Bxd4 27.
Rxd4 Rc5 28. b4 Rc3 29. Re4 Rd3 30. Re6 Rxd5 31. Rxg6+ Kf7 32. Rh6 Ke7 33. g3
Rd3 34. Kc2 Rd4 35. a3 Kd7 36. Rh7+ Ke6 37. Ra7 Rg4 38. Rxa6 Rxg3 39. a4 bxa4
40. Rxa4 Kd5 41. Ra6 g4 42. b5 Rg2+ 43. Kc3 Rg1 44. b6 g3 45. b7 Rb1 46. Ra8
Rxb7 47. Rg8 Ra7 48. Kb4 Ke4 49. Rxg3 Rc7 50. Rg4+ Kf5 51. Rh4 1/2-1/2

[Event "European Senior Teams Chess Championshi"]
[Site "Rogaska Slatina"]
[Date "2012.04.03"]
[Round "8.2"]
[White "Opl, Klaus"]
[Black "Karasev, Vladimir I"]
[Result "0-1"]
[WhiteElo "2287"]
[BlackElo "2379"]
[PlyCount "90"]
[EventDate "2012.03.27"]
[WhiteTeam "AUT - WIEN 1"]
[BlackTeam "RUS - ST. PETERSBURG"]

1. e4 c5 2. Nc3 Nc6 3. f4 d6 4. Nf3 Bg4 5. Bb5 g6 6. O-O Bg7 7. d3 a6 8. Bxc6+
bxc6 9. Qe1 Rb8 10. Rb1 Qa5 11. Bd2 c4 12. Nd5 Qxa2 13. Nb4 Qa5 14. Kh1 Qb5 15.
dxc4 Qxc4 16. b3 Qb5 17. Bc3 Bxc3 18. Qxc3 Nf6 19. Nxc6 Rc8 20. Nfd4 Qc5 21.
Qa1 Rxc6 22. Nxc6 Qxc6 23. c4 O-O 24. e5 Ne4 25. Qd4 Bf5 26. Ra1 Nc5 27. Qc3
Rb8 28. Ra3 Be4 29. Kg1 Bxg2 30. Rd1 Bf3 31. Rf1 Bg4 32. Rfa1 Bc8 33. b4 Bb7
34. Qh3 Ne6 35. exd6 Nxf4 36. Qf1 Qh1+ 37. Kf2 Qxh2+ 38. Ke1 Ng2+ 39. Kf2 Qxd6
40. Qd3 Qxb4 41. Rb1 Qc5+ 42. Kg3 Qc7+ 43. Kf2 Rd8 44. Qg3 Qc5+ 45. Kf1 Qf5+
0-1

[Event "European Senior Teams Chess Championshi"]
[Site "Rogaska Slatina"]
[Date "2012.04.03"]
[Round "8.2"]
[White "Turikov, Viktor"]
[Black "Dueckstein, Andreas"]
[Result "1/2-1/2"]
[WhiteElo "2263"]
[BlackElo "2221"]
[PlyCount "73"]
[EventDate "2012.03.27"]
[WhiteTeam "RUS - ST. PETERSBURG"]
[BlackTeam "AUT - WIEN 1"]

1. Nf3 Nc6 2. d4 d5 3. e3 Bg4 4. Be2 e6 5. O-O Bd6 6. c4 dxc4 7. Nc3 Nf6 8. h3
Bxf3 9. Bxf3 Qd7 10. Qa4 O-O 11. Qxc4 Rab8 12. Rd1 e5 13. d5 Ne7 14. e4 h6 15.
Be3 a6 16. a4 Ng6 17. a5 Qe7 18. Na4 Rbc8 19. b4 c6 20. Nb6 Rc7 21. Bc5 cxd5
22. Nxd5 Nxd5 23. Rxd5 Bxc5 24. Rxc5 Rfc8 25. Rc1 Rxc5 26. bxc5 Nf4 27. Bg4 Rc6
28. g3 Ne6 29. Bxe6 Rxe6 30. Qd5 Rc6 31. Kg2 g6 32. h4 h5 33. Rc3 Kg7 34. Kf1
Qc7 35. Ke2 Re6 36. Rb3 Rc6 37. Rc3 1/2-1/2

[Event "European Senior Teams Chess Championshi"]
[Site "Rogaska Slatina"]
[Date "2012.04.03"]
[Round "8.2"]
[White "Strobel, Ferdinand"]
[Black "Golcman, Evgeny"]
[Result "0-1"]
[WhiteElo "2129"]
[BlackElo "2285"]
[PlyCount "56"]
[EventDate "2012.03.27"]
[WhiteTeam "AUT - WIEN 1"]
[BlackTeam "RUS - ST. PETERSBURG"]

1. f4 c5 2. Nf3 Nf6 3. d3 g6 4. g3 Bg7 5. Bg2 O-O 6. O-O d6 7. e4 Nc6 8. Nc3
Rb8 9. a4 a6 10. h3 b5 11. axb5 axb5 12. g4 b4 13. Ne2 Bb7 14. Ng3 Ra8 15. Rxa8
Qxa8 16. Qe2 Nd7 17. b3 Qa2 18. Be3 Ra8 19. Qf2 Qb2 20. Rd1 Bc3 21. Kh2 Ra2 22.
Rc1 Nd4 23. Nxd4 cxd4 24. Bd2 Nc5 25. Bxc3 Qxc1 26. Bxd4 Qxc2 27. Bxc5 Qxf2 28.
Bxf2 Rxf2 0-1

[Event "European Senior Teams Chess Championshi"]
[Site "Rogaska Slatina"]
[Date "2012.04.03"]
[Round "8.3"]
[White "Zivkovic, Ljubo"]
[Black "Vucenovic, Dragomir"]
[Result "1/2-1/2"]
[WhiteElo "2279"]
[BlackElo "2260"]
[PlyCount "38"]
[EventDate "2012.03.27"]
[WhiteTeam "MNE"]
[BlackTeam "SUI"]

1. c4 e5 2. Nc3 Nf6 3. g3 Bb4 4. Bg2 O-O 5. Nf3 Nc6 6. O-O Re8 7. d3 Bxc3 8.
bxc3 d5 9. cxd5 Nxd5 10. Bb2 Nb6 11. Qc2 Bg4 12. h3 Bh5 13. e4 f6 14. Rad1 Qc8
15. Kh2 Qe6 16. Ra1 Rad8 17. Rfe1 Qc8 18. Ba3 Ne7 19. Bc5 Qd7 1/2-1/2

[Event "European Senior Teams Chess Championshi"]
[Site "Rogaska Slatina"]
[Date "2012.04.03"]
[Round "8.3"]
[White "Hohler, Peter"]
[Black "Raicevic, Momcilo"]
[Result "1/2-1/2"]
[WhiteElo "2197"]
[BlackElo "2372"]
[Annotator ",Tina"]
[PlyCount "68"]
[EventDate "2012.03.27"]
[WhiteTeam "SUI"]
[BlackTeam "MNE"]

1. d4 d5 2. c4 c6 3. e3 Nf6 4. Nc3 g6 5. Nf3 Bg7 6. h3 O-O 7. Bd3 dxc4 8. Bxc4
Nbd7 9. O-O c5 10. Qe2 a6 11. a4 Qc7 12. dxc5 Nxc5 13. e4 Be6 14. Bxe6 Nxe6 15.
g3 Rfd8 16. Be3 Qc6 17. Ne5 Qd6 18. Nc4 Qb4 19. e5 Nh5 20. Rfd1 b5 21. Nb6
Rxd1+ 22. Rxd1 Re8 23. Nbd5 Qb3 24. axb5 axb5 25. g4 Bxe5 26. gxh5 b4 27. Ne4
Bxb2 28. Nc5 Nxc5 29. Bxc5 e6 30. Nxb4 Qxh3 31. Rd7 Qf5 32. Qxb2 Qxc5 33. hxg6
hxg6 34. Rd1 Qg5+ {...39} 1/2-1/2

[Event "European Senior Teams Chess Championshi"]
[Site "Rogaska Slatina"]
[Date "2012.04.03"]
[Round "8.3"]
[White "Dragasevic, Srdja"]
[Black "Illi, Hans-Joerg"]
[Result "1/2-1/2"]
[WhiteElo "2267"]
[BlackElo "2109"]
[PlyCount "28"]
[EventDate "2012.03.27"]
[WhiteTeam "MNE"]
[BlackTeam "SUI"]

1. d4 Nf6 2. Nf3 d5 3. Bg5 Ne4 4. Bf4 c5 5. e3 Qb6 6. Qc1 cxd4 7. exd4 Nc6 8.
c3 Bf5 9. Be2 e6 10. O-O Be7 11. Nbd2 O-O 12. Nxe4 Bxe4 13. Ne5 Bd6 14. Nxc6
Qxc6 1/2-1/2

[Event "European Senior Teams Chess Championshi"]
[Site "Rogaska Slatina"]
[Date "2012.04.03"]
[Round "8.5"]
[White "Malmdin, Nils-Ake"]
[Black "Strutinskaya, Galina N"]
[Result "0-1"]
[WhiteElo "2306"]
[BlackElo "2273"]
[PlyCount "46"]
[EventDate "2012.03.27"]
[WhiteTeam "SWE 1"]
[BlackTeam "RUS 2"]

1. e4 c5 2. Nf3 d6 3. d4 cxd4 4. Nxd4 Nf6 5. Nc3 a6 6. Bc4 e6 7. Bb3 b5 8. O-O
Be7 9. Qf3 Qc7 10. Re1 O-O 11. Qg3 b4 12. Bh6 Nh5 13. Qg4 bxc3 14. Qxh5 cxb2
15. Qg4 Bf6 16. Rad1 Kh8 17. e5 dxe5 18. Ne2 gxh6 19. Qf3 Be7 20. Qh5 f5 21.
Qxh6 Nc6 22. Ng3 Rf6 23. Qh5 Bb7 0-1

[Event "European Senior Teams Chess Championshi"]
[Site "Rogaska Slatina"]
[Date "2012.04.03"]
[Round "8.5"]
[White "Saunina, Ludmila"]
[Black "Wahlbom, Magnus"]
[Result "1-0"]
[WhiteElo "2300"]
[BlackElo "2291"]
[PlyCount "91"]
[EventDate "2012.03.27"]
[WhiteTeam "RUS 2"]
[BlackTeam "SWE 1"]

1. e4 e6 2. d4 d5 3. Nd2 Nf6 4. e5 Nfd7 5. f4 c5 6. c3 Nc6 7. Ndf3 Qb6 8. Ne2
cxd4 9. cxd4 f6 10. Nc3 fxe5 11. fxe5 Be7 12. a3 O-O 13. Na4 Qd8 14. Bd3 Rxf3
15. Qxf3 Nxd4 16. Qh5 Nf5 17. Qe2 Qa5+ 18. Nc3 d4 19. Bxf5 exf5 20. Qc4+ Kh8
21. Qxd4 Qxe5+ 22. Qxe5 Nxe5 23. O-O Bc5+ 24. Kh1 Nd3 25. h3 Bd7 26. Kh2 Nxc1
27. Raxc1 g6 28. Rcd1 Bc6 29. b4 Bb6 30. Nd5 Bd8 31. Rd4 Kg7 32. Rfd1 Kf8 33.
g3 a6 34. h4 Kf7 35. R1d2 Rc8 36. Rc4 Ra8 37. Rc5 h6 38. h5 Bg5 39. hxg6+ Kxg6
40. Nf4+ Bxf4 41. gxf4 Re8 42. Rc3 Re1 43. Kg3 h5 44. Rd6+ Kg7 45. Kh4 Rh1+ 46.
Rh3 1-0

[Event "European Senior Teams Chess Championshi"]
[Site "Rogaska Slatina"]
[Date "2012.04.03"]
[Round "8.5"]
[White "Nordstrom, Felix"]
[Black "Fatalibekova, Elena"]
[Result "0-1"]
[WhiteElo "2160"]
[BlackElo "2276"]
[PlyCount "84"]
[EventDate "2012.03.27"]
[WhiteTeam "SWE 1"]
[BlackTeam "RUS 2"]

1. d4 c5 2. dxc5 e6 3. Nf3 Bxc5 4. c4 Nf6 5. e3 d5 6. a3 O-O 7. b4 Be7 8. Bb2
b6 9. cxd5 Nxd5 10. Be2 Bb7 11. O-O Nd7 12. Nbd2 Bf6 13. Qb3 Rc8 14. Rac1 Qe7
15. Rxc8 Rxc8 16. Rc1 Rxc1+ 17. Bxc1 Nc3 18. Bd3 Qd6 19. Bf1 Bd5 20. Nc4 Qc7
21. Bb2 Ne4 22. Bxf6 Nexf6 23. Qd3 Bxf3 24. gxf3 Nd5 25. f4 b5 26. Nd2 a6 27.
Ne4 g6 28. h3 h6 29. Qd4 Qc6 30. Nd2 Qc1 31. Qd3 N7f6 32. Nb1 Kf8 33. Kh2 Qb2
34. Kg1 Ke7 35. Bg2 Qc1+ 36. Kh2 Qe1 37. Bxd5 Nxd5 38. Kg2 Qc1 39. Kh2 Qc4 40.
Qd2 Kd6 41. Kg3 Kc6 42. Kg2 Qe4+ 0-1